| 000 | 00886nam a2200301 a 4500 | ||
|---|---|---|---|
| 003 | AR-BaBNM | ||
| 005 | 20251128203705.0 | ||
| 008 | 082120s2002 ||||||||||||||000 | spa|| | ||
| 040 | _cAR-BaBNM | ||
| 100 | 1 | _aLeif, Joseph | |
| 245 | 0 | 0 | _aDidáctica de la escritura y de las asignaturas especiales |
| 260 |
_aBuenos Aires _bKapelusz _c1963 |
||
| 300 |
_axi, 235 p. _btablas |
||
| 490 | 0 | _aBiblioteca de cultura pedagógica | |
| 500 | _aContiene referencias bibliográficas en notas a pie de página | ||
| 650 | 4 | _aENSEÑANZA DE LA ESCRITURA | |
| 650 | 4 | _aEDUCACION ARTISTICA | |
| 650 | 4 | _aEDUCACION FISICA | |
| 650 | 4 | _aENSEÑANZA AUDIOVISUAL | |
| 650 | 4 | _aEQUIPO AUDIOVISUAL | |
| 650 | 4 | _aDIDACTICA | |
| 653 | _aACTIVIDADES PRACTICAS | ||
| 700 | 1 | _aDézaly, R. | |
| 700 | 1 | _aRustin, G. | |
| 700 | 1 |
_aThomas, Juan Jorge _etraductor |
|
| 942 | _cBK | ||
| 998 | _csilvi | ||
| 999 |
_c4503 _d4503 |
||